| 000 | 02170nam a2200409 c 4500 | ||
|---|---|---|---|
| 003 | BLK | ||
| 005 | 20230407030327.0 | ||
| 008 | 180408b bul|||||r ||||||| ||bul|| | ||
| 010 | _aKNG00079381000 | ||
| 020 |
_a978-954-524-731-6 _bиздат.: Унив. изд. Св. св. Кирил и Методий |
||
| 040 | _aBLK | ||
| 041 |
_aBUL _cBUL |
||
| 072 | 7 |
_2bullib _aН00 _xОбщ отдел Н |
|
| 080 |
_aБългарска литература _b821.163.2 _x.09(08) _z821.163.2.09(08) |
||
| 080 |
_aБио-библиографии _b016:929 _x _z016:929 |
||
| 080 |
_aТеория на литературата. Литературна техника _b82.01/.09 _x(497.2)(01) _z82.01/.09(497.2)(01) |
||
| 080 |
_aБиографии _b929 _x(497.2) _z929(497.2) |
||
| 700 | 1 |
_aНалбантова, Елена Колева _eсъстав. _9263990 |
|
| 139 |
_aИ ние в литературата _bИ 11 |
||
| 245 | 1 | 0 |
_aИ ние в литературата _bИзследвания, библиотеки, оценки _cсъстав. Елена Колева Налбантова. |
| 257 | _aBGR | ||
| 260 |
_аВ. Търново _bУнив. изд. Св. св. Кирил и Методий _c2010 _fВ. Търново : ИВИС |
||
| 300 |
_a288 с. _bс ил. _c24 см |
||
| 380 | _a0 | ||
| 500 | _aИзд. на Великотърновски унив. Св. св. Кирил и Методий. Кат. Бълг. литература. - Съдържа и Библиография на научните публикации на едно поколение търновски учени. - Библиогр. след някои материали. | ||
| 650 | 4 |
_aБългарска литература - теми, образи, сюжети _9242409 |
|
| 650 | 4 |
_aЛитературоведи, български _9267787 |
|
| 653 | _aбългарска литература | ||
| 653 | _aбългарски литературоведи | ||
| 653 | _aбиблиографии | ||
| 659 | _aН | ||
| 852 | _aЦб 253288 | ||
| 856 | 4 |
_qpdf _u |
|
| 856 | 4 |
_qpdf _u |
|
| 942 |
_cKNG _n0 _01 |
||
| 944 |
_aCR _c25.10.2011 _lф / _kЛюдмила_Стоянова |
||
| 944 |
_aED _c24.10.2014 _lф / _k |
||
| 999 |
_c74975 _d74975 |
||